Statistiken für Schweizer Kantone - Flaggenkarte

Klicken Sie hier um das Quiz zu spielen!

Allgemein

  • Dieses Quiz wurde 279 mal gespielt
  • Das Durchschnittsergebnis liegt bei 24 aus 26

Antworten auf der Karte

Die Antworten werden auf der Karte rot bzw. grün angezeigt, abhängig davon wie oft sie richtig erraten wurden.
 

Antwortstatistiken

Kanton% Korrekt
Bern
99%
Zürich
96%
Basel-Stadt
94%
Genf
94%
Graubünden
94%
St. Gallen
94%
Wallis
94%
Basel-Landschaft
93%
Uri
93%
Jura
92%
Tessin
92%
Aargau
91%
Obwalden
91%
Zug
91%
Freiburg
90%
Luzern
90%
Schwyz
90%
Waadt
90%
Neuenburg
89%
Nidwalden
89%
Schaffhausen
89%
Solothurn
89%
Appenzell-Ausserrhoden
88%
Appenzell-Innerrhoden
88%
Thurgau
88%
Glarus
87%

Verteilung der Resultate

Perzentil nach korrekt beantworteten Fragen

Anzahl Personen mit jedem Resultat

Ihre Resultats-Entwicklung

Sie haben dieses Quiz noch nicht gespielt